[Event "Titled Tuesday intern op 18th May"]
[Site "Chess.com INT"]
[Date "2021.05.18"]
[Round "1"]
[White "Zufic, Miroslav"]
[Black "Kamsky, Gata"]
[Result "0-1"]
[WhiteElo "2366"]
[BlackElo "2665"]
[PlyCount "44"]
[EventDate "2021.05.18"]
[EventType "swiss (blitz)"]
[EventRounds "11"]
[EventCountry "USA"]
[SourceTitle "CBM 202 Extra"]
[Source "ChessBase"]
[SourceDate "2021.07.31"]
[SourceVersion "1"]
[SourceVersionDate "2021.07.31"]
[SourceQuality "1"]

1. e4 c5 2. Nf3 e6 3. d4 cxd4 4. Nxd4 a6 5. Nc3 b5 6. Bd3 Qb6 7. Nf3 Qc7 8. 0-0 Bb7 9. Re1 Be7 10. e5 f5 11. exf6 Nxf6 12. a4 b4 13. Ne4 0-0 14. Bg5 Nc6 15. Qe2 Nd5 16. g3 h6 17. Bd2 Rf5 18. c4 bxc3 19. Nxc3 Nxc3 20. Bxc3 Rxf3 21. Qxf3 Nd4 22. Qg4 Nf3+ 0-1